| 000 | 01073aam a2200397a 44500 | ||
|---|---|---|---|
| 008 | 170707s2009 cat | ||
| 041 | _acat | ||
| 080 | _a627.152(037) | ||
| 110 |
_aAssociació Hàbitats-Projecte Rius _974658 |
||
| 245 | _aRius de paraules: Recull de cultura popular catalana al voltant dels rius de casa nostra | ||
| 245 | _cAssociació Hàbitats-Projecte Rius. | ||
| 260 | _aBarcelona | ||
| 260 | _bAssociació Hàbitats-Projecte Rius | ||
| 260 | _c2009 | ||
| 300 |
_a82 p. _bil. |
||
| 500 | _aReferències bibliogràfiques | ||
| 520 | _aaprox. 300 | ||
| 546 | _acatalà | ||
| 591 | _a10670 | ||
| 592 | _aObra terminològica | ||
| 593 | _aCF | ||
| 593 | _aFP | ||
| 593 | _aJO | ||
| 593 | _aLC | ||
| 594 | _a10670 | ||
| 650 |
_aoficis _962036 |
||
| 650 |
_apesca fluvial _961843 |
||
| 650 |
_arius _970783 |
||
| 650 |
_atransport fluvial _966384 |
||
| 901 | _c[<2009>] | ||
| 902 | _a170707 | ||
| 942 |
_cMO _n0 _2ddc |
||
| 999 |
_c67166 _d67166 |
||